00626cam a22002057a 4500003000500000005001700005008004100022010000900063011000900072035000900081040000900090082001600099110008300115245007700198260004700275300001000322500001100332650004400343700003300387CHAP20220329133301.0971013s1991 r 00010 d a4293 a5265 a4472 cCHAP a630.72bU36 aUACH. Subdirección de Investigación. Departamento de Diagnóstico Externo13aLa investigación agrícola en México en la década de los ochentas aChapingo, Méx. :bEl Departamento,c1991 a98 p. a53-13514aAgriculturaxInvestigaciónxMéxico.0 aMéndez Ramírez, Ignacio.